All-time MLB team - Statistics

General Stats
  • This quiz has been taken 83 times
  • The average score is 14 of 22
Answer Stats
Position Answer % Correct
Outfield Babe Ruth
92%
Starting Pitcher Walter Johnson
92%
Catcher Johnny Bench
83%
Closing Pitcher Mariano Rivera
82%
Outfield Willie Mays
82%
First Baseman Lou Gehrig
76%
Third Baseman Mike Schmidt
73%
Short Stop Derek Jeter
70%
Outfield Ted Williams
70%
Outfield Hank Aaron
69%
Starting Pitcher Bob Gibson
66%
Catcher (Negro Leagues) Josh Gibson
66%
Starting Pitcher Sandy Koufax
66%
Short Stop Honus Wagner
59%
Outfield Ken Griffey Jr.
59%
Outfield Ty Cobb
59%
First Baseman Albert Pujols
54%
Second Baseman Rogers Hornsby
48%
Second Baseman Joe Morgan
45%
Starting Pitcher Christy Mathewson
30%
Third Baseman George Brett
27%
Starting Pitcher Pete Alexander
20%
No matching quizzes found
Score Distribution
Percent of People with Each Score
Percentile by Number Answered
Your Score History
You have not taken this quiz